000 02656cam a2200349 a 4500
003 EG-GiCUC
005 20250223031648.0
008 170208s2016 ua d f m 000 0 eng d
040 _aEG-GiCUC
_beng
_cEG-GiCUC
041 0 _aeng
049 _aDeposite
097 _aM.Sc
099 _aCai01.11.13.M.Sc.2016.Mo.D
100 0 _aMohamed Kamel Mohamed Kenawy
245 1 0 _aDescriptive study of traumatic pelvic fractures in Kasr Alainy hospital through the year 2014 /
_cMohamed Kamel Mohamed Kenawy ; Supervised Sherin Salah Eldin Ghaleb , Mohamed Adly Mohamed , Amani Abdelfattah Bayoumi
246 1 5 _aدراسة وصفية لكسور الحوض الإصابية فى مستشفى القصر العينى خلال عام2014
260 _aCairo :
_bMohamed Kamel Mohamed Kenawy ,
_c2016
300 _a111 P. :
_bcharts ;
_c25cm
502 _aThesis (M.Sc.) - Cairo University - Faculty of Medicine - Department of Forensic Medicine Toxicology
520 _aMajor pelvic fractures are predominantly observed when there is a high energy transfer to the patient such as following road traffic collision, pedestrian accident, fall from height, or crush injury. Less serious pelvic fractures may occur with low energy transfer events, particularly in the elderly. The aim of the current study is to statistically assess the prevalence, common causes, clinical picture, management and outcome of pelvic fracture cases admitted to Kasr Alainy hospital through the year 2014. The data presented in this study were collected from medical records of patients with traumatic pelvic fracture who were admitted to Kasr-Alainy hospital during one year period from January 2014 to December 2014. Total number of cases were 203, males were (93.6%) of cases, the most frequent age group was the adulthood group, most of cases came from rural, the fall from height comprised (35%), majority of the incidences occurred between (12a.m. - 12p.m.), (30.0%) of fractures were multiple, (50.2%) of cases received surgical intervention and %) of cases were improved. There is a need to decrease the number of road traffic accidents in Egypt. There is a need for educational efforts, and community and societal curriculum to reduce the number of traumatic pelvic fracture
530 _aIssued also as CD
653 4 _aCause
653 4 _aFracture
653 4 _aPelvic
700 0 _aAmani Abdelfattah Bayoumi ,
_eSupervisor
700 0 _aMohamed Adly Mohamed ,
_eSupervisor
700 0 _aSherin Salah Eldin Ghaleb ,
_eSupervisor
856 _uhttp://172.23.153.220/th.pdf
905 _aNazla
_eRevisor
905 _aSamia
_eCataloger
942 _2ddc
_cTH
999 _c59746
_d59746